Did These Footballers Ever Play Together? - Statistics

General Stats
  • This quiz has been taken 2,051 times
  • The average score is 14 of 22
Answer Stats
Question Answer % Correct
Lionel Messi & Robin van Persie No
90%
Mohammed Salah & Luis Suarez No
82%
Yaya Toure & Carlos Tevez Yes
82%
Karim Benzema & Mesut Özil Yes
82%
Marek Hamsik & Edinson Cavani Yes
80%
Cristiano Ronaldo & Gerard Pique Yes
75%
Wesley Sneijder & Samuel Eto'o Yes
75%
David Beckham & Zlatan Ibrahimovic Yes
72%
Mario Balotelli & Kevin de Bruyne No
69%
Andrea Pirlo & Ronaldinho Yes
69%
Nemanja Vidic & Anthony Martial No
68%
David Silva & Antoine Griezmann No
67%
Mario Götze & Alphonso Davies No
65%
Arjen Robben & Sergio Ramos Yes
64%
Cesc Fabregas & Didier Drogba Yes
56%
Emmanuel Adebayor & Xabi Alonso Yes
54%
Thomas Müller & Oliver Kahn No
50%
Gareth Bale & Eduardo Camavinga Yes
49%
Diego Forlan & Wayne Rooney No
40%
Mats Hummels & Ousmane Dembele No
39%
Ivan Rakitic & Raul Yes
37%
Joe Hart & Patrice Evra Yes
27%
No matching quizzes found
Score Distribution
Percent of People with Each Score
Percentile by Number Answered
Your Score History
You have not taken this quiz